000 00928na a2200301 4500
001 17796
003 MIRAKIL
005 20181213154917.0
008 161104b tu 000 0
020 _a9751925630
040 _aMilas
_btur
_cTR-AnCHP
041 _atur
082 _a338.9669
_bD35 2000
090 _a338.9669 D35 2000
245 _aDemir dışı metaller özel ihtisas komisyonu raporu
_cDevlet Planlama Teşkilatı
246 _aDemir dışı metaller
260 _aAnkara
_bDPT
_c2000
300 _a246 s.
_btbl.
_c27 sm.
440 _aDPT
_v2537
490 _aÖİK
_v553
610 _aDevlet Planlama Teşkilatı (DPT)
650 _aMetaller
_xKalkınma planı, 2000
_yRaporlar
651 _aTürkiye
_xBeş yıllık kalkınma planları
710 _aDevlet Planlama Teşkilatı (DPT)
740 _aDemir dışı metaller
830 _aDevlet Planlama Teşkilatı Yayınları
942 _2ddc
_cBKS
999 _c3017
_d3017